Hospodárska výkonnosť a sociálna úroveň SR v EÚ a predpoklady ich rastu

Hospodárska výkonnosť a sociálna úroveň SR. Predpoklady a niektoré dôsledky budúceho ekonomického rozvoja SR. Priority hospodárstva SR.

Gespeichert in:
Bibliographische Detailangaben
1. Verfasser: Sedlák, Mikuláš
Format: Buchkapitel
Sprache:Slowakisch
Schlagworte:
Tags: Tag hinzufügen
Keine Tags, Fügen Sie das erste Tag hinzu!

MARC

LEADER 00000naa$a2200000$$$4500
001 0055725
005 20220718124838.0
041 0 |a slo 
044 |a SK 
245 1 0 |a Hospodárska výkonnosť a sociálna úroveň SR v EÚ a predpoklady ich rastu  |c Mikuláš Sedlák 
520 |a Hospodárska výkonnosť a sociálna úroveň SR. Predpoklady a niektoré dôsledky budúceho ekonomického rozvoja SR. Priority hospodárstva SR. 
610 2 0 |a výkonnosť ekonomiky 
610 2 0 |a politika hospodárska 
610 2 0 |a rozvoj hospodársky 
610 2 0 |a úroveň životná 
610 2 0 |a politika sociálna 
610 2 0 |a produktivita práce 
610 2 0 |a kapitál ľudský 
610 2 0 |a reštrukturalizácia 
610 2 0 |a Slovensko 
610 2 0 |a Európska únia 
100 1 |a Sedlák, Mikuláš